La explosión de las comunicaciones y la educación permanente / (Record no. 64303)

MARC details
000 -LEADER
campo de control de longitud fija 00543nam a2200157 i 4500
001 - NÚMERO DE CONTROL
campo de control 64303
003 - IDENTIFICADOR DE NÚMERO DE CONTROL
campo de control ES-MaACL
007 - CAMPO FIJO DE DESCRIPCIÓN FÍSICA--INFORMACIÓN GENERAL
campo de control de longitud fija t|
008 - DATOS DE LONGITUD FIJA--INFORMACIÓN GENERAL
campo de control de longitud fija 031223s1975 sp ||||1| spa d
100 1# - ENTRADA PRINCIPAL--NOMBRE DE PERSONA
Nombre de persona Flores Jaramillo, Renán.
9 (RLIN) 51287
245 13 - MENCIÓN DEL TÍTULO
Título La explosión de las comunicaciones y la educación permanente /
Mención de responsabilidad, etc. por Renán Flores Jaramillo ; prólogo de Manuel Calvo Hernando.
260 ## - PUBLICACIÓN, DISTRIBUCIÓN, ETC.
Lugar de publicación, distribución, etc. Barcelona :
Nombre del editor, distribuidor, etc. Promoción Cultural,
Fecha de publicación, distribución, etc. [1975]
300 ## - DESCRIPCIÓN FÍSICA
Extensión 113 p. ;
Dimensiones 19 cm.
700 1# - ENTRADA AGREGADA--NOMBRE PERSONAL
Nombre de persona Calvo Hernando, Manuel.
9 (RLIN) 33886
852 ## - LOCALIZACIÓN
Ubicación ES-MaACL
Número de control de estantería E-7423
Sublocalización o colección R.91440
Holdings
Estatus retirado Estado de pérdida Estado de daño No para préstamo Biblioteca de origen Biblioteca actual Ubicación en estantería Fecha de adquisición Fuente de adquisición Total de préstamos Signatura topográfica completa Código de barras Visto por última vez Precio de reemplazo Tipo de ítem Koha
        Biblioteca del Ateneo de Madrid Biblioteca del Ateneo de Madrid Depósito 2 17/01/2008     E-7423 1067383 23/02/2023 23/02/2023 Libro impreso